| 000 | 00482nam a2200145 4500 | ||
|---|---|---|---|
| 001 | 108791 | ||
| 003 | ES-MaACL | ||
| 007 | t| | ||
| 008 | 061121q19201929sp r ||||1| spa d | ||
| 100 | 1 |
_aMontoto, Santiago. _982701 |
|
| 245 | 1 | 0 |
_aIngeniosos sevillanos del siglo de oro que vivieron en América _b: (estudios) / _cSantiago Montoto. |
| 260 |
_aMadrid : _bCompañía Ibero-Americana de Publicaciones, _c[192-?] |
||
| 300 |
_a103 p. ; _c19 cm. |
||
| 852 |
_aES-MaACL _jB-3361 _bR.8298 |
||
| 999 |
_c108791 _d108791 |
||